[Event "UT Dallas Fall Open 2017"]
[Site "Dallas USA"]
[Date "2017.11.19"]
[Round "4.8"]
[White "Reshef, Omer"]
[Black "Brown, Michael William"]
[Result "1-0"]
[WhiteTitle "IM"]
[BlackTitle "IM"]
[WhiteElo "2453"]
[BlackElo "2514"]
[WhiteFideId "2804336"]
[BlackFideId "2037602"]
[EventDate "2017.11.17"]

1. e4 e5 2. Nf3 Nc6 3. Nc3 Nf6 4. Bb5 Nd4 5. Nxd4 exd4 6. e5 dxc3 7. exf6 Qxf6
8. dxc3 Bc5 9. O-O O-O 10. Bxd7 Bxd7 11. Qxd7 Rae8 12. Qd3 Re5 13. Be3 Bxe3 14.
fxe3 Qe6 15. Rfe1 Re8 16. Rad1 h5 17. c4 Qb6 18. Qd4 c5 19. Qc3 Qc6 20. Rd3 h4
21. h3 Qe4 22. Rd2 Rg5 23. Qd3 Qe5 24. Qd7 Re7 25. Qd6 Qe4 26. b3 f6 27. Ree2 b6
28. Qf4 Rge5 29. Qxe4 Rxe4 30. Rd5 Kf7 31. Kf2 g5 32. a4 a5 33. Rd6 R4e6 34.
Rxe6 Kxe6 35. Rd2 Rd7 36. Rd3 f5 37. Kf3 Rg7 38. Rd5 g4+ 39. Kf4 gxh3 40. gxh3
Rg3 41. Rxf5 Rxh3 42. Rh5 Kd6 43. e4 Rh2 44. e5+ Kc6 45. Kg4 Rxc2 46. Rxh4 Re2
47. Kf5 Re3 48. Re4 Rf3+ 49. Kg4 Rf8 50. Rf4 Rg8+ 51. Kf3 Rh8 52. Ke4 Rh1 53.
Rf3 Rh4+ 54. Kf5 Rh8 55. Rd3 Rh5+ 56. Kf6 Rh6+ 57. Kg5 Rh1 58. e6 Re1 59. Kf6
Rf1+ 60. Ke7 Kc7 61. Rd7+ Kc6 62. Ke8 Rf6 63. e7 Rf3 64. Kd8 1-0

[Event "UT Dallas Fall Open 2017"]
[Site "Dallas USA"]
[Date "2017.11.19"]
[Round "4.9"]
[White "Javakhadze, Zurab"]
[Black "Arribas Lopez, Angel"]
[Result "1/2-1/2"]
[WhiteTitle "IM"]
[BlackTitle "GM"]
[WhiteElo "2452"]
[BlackElo "2471"]
[WhiteFideId "13603647"]
[BlackFideId "2283352"]
[EventDate "2017.11.17"]

1. Nf3 Nf6 2. g3 g6 3. b3 Bg7 4. Bb2 b6 5. Bg2 Bb7 6. O-O O-O 7. c4 c5 8. Nc3 d6
9. d4 cxd4 10. Nxd4 Bxg2 11. Kxg2 Qc8 12. e3 Qb7+ 13. Qf3 Qxf3+ 14. Kxf3 Nbd7
15. Ke2 Rac8 16. Rac1 a6 17. Nd5 Rfe8 18. Rfd1 h5 19. Ba1 e6 20. Nxf6+ Bxf6 21.
Nf3 Be7 1/2-1/2

[Event "UT Dallas Fall Open 2017"]
[Site "Dallas USA"]
[Date "2017.11.19"]
[Round "4.10"]
[White "Raznikov, Danny"]
[Black "Xiong, Jeffery"]
[Result "0-1"]
[WhiteTitle "GM"]
[BlackTitle "GM"]
[WhiteElo "2488"]
[BlackElo "2629"]
[WhiteFideId "2811154"]
[BlackFideId "2047640"]
[EventDate "2017.11.17"]

1. d4 Nf6 2. Bf4 d5 3. e3 c5 4. c3 Nc6 5. Nd2 Bf5 6. Ngf3 e6 7. dxc5 Bxc5 8. Nd4
Nxd4 9. exd4 Bd6 10. Bb5+ Ke7 11. Bxd6+ Qxd6 12. Nf3 Bg4 13. h3 Bxf3 14. Qxf3 a6
15. Bd3 b5 16. a3 Rhe8 17. O-O Kf8 18. Qe2 e5 19. dxe5 Rxe5 20. Qf3 Rae8 21. Qf4
d4 22. Rad1 Rd5 23. Qxd6+ Rxd6 24. cxd4 Rxd4 25. Bc2 Red8 26. Rxd4 Rxd4 27. Rd1
Rxd1+ 28. Bxd1 Ke7 29. Bb3 Ne4 30. Bc2 Nd6 31. b3 Ke6 32. f4 Kd5 33. Kf2 Kd4 34.
Bxh7 Kc3 35. Ke3 a5 36. b4 Nc4+ 37. Ke4 a4 38. h4 Nxa3 0-1

[Event "UT Dallas Fall Open 2017"]
[Site "Dallas USA"]
[Date "2017.11.19"]
[Round "4.11"]
[White "Gorovets, Andrey"]
[Black "Drozdowski, Kacper"]
[Result "1-0"]
[WhiteTitle "IM"]
[BlackTitle "IM"]
[WhiteElo "2529"]
[BlackElo "2467"]
[WhiteFideId "13504037"]
[BlackFideId "1136720"]
[EventDate "2017.11.17"]

1. e4 c5 2. Nf3 Nc6 3. d4 cxd4 4. Nxd4 e6 5. Nc3 Qc7 6. Be3 a6 7. Qf3 Ne5 8. Qg3
b5 9. Bf4 d6 10. Bxb5+ axb5 11. Ndxb5 Qb8 12. O-O-O Nf6 13. Nxd6+ Bxd6 14. Qxg7
Rg8 15. Qxf6 Nc4 16. Rxd6 Qxb2+ 17. Kd1 Nxd6 18. Bxd6 Ra7 19. Nd5 Qxa2 20. Bc7
Rxc7 21. Nxc7+ Kf8 22. Qd8+ Kg7 23. Qg5+ Kf8 24. Qc5+ Kg7 25. Ke2 Ba6+ 26. Kf3
Rc8 27. Rd1 Qc4 28. Qg5+ 1-0

[Event "UT Dallas Fall Open 2017"]
[Site "Dallas USA"]
[Date "2017.11.19"]
[Round "4.12"]
[White "Kadric, Denis"]
[Black "Patel, Advait"]
[Result "0-1"]
[WhiteTitle "GM"]
[BlackTitle "IM"]
[WhiteElo "2505"]
[BlackElo "2449"]
[WhiteFideId "14403803"]
[BlackFideId "2075105"]
[EventDate "2017.11.17"]

1. e4 e6 2. d3 d5 3. Nd2 Nf6 4. g3 dxe4 5. dxe4 Bc5 6. Bg2 e5 7. Ngf3 O-O 8. O-O
Nc6 9. Qe2 Qe7 10. h3 a5 11. c3 b6 12. Rd1 Ba6 13. Qe1 Rfd8 14. Bf1 Bd3 15. Bxd3
Rxd3 16. a4 Rad8 17. Qe2 h6 18. Kg2 R3d7 19. Re1 Qe6 20. Nf1 Bf8 21. N3d2 g6 22.
Qc4 Qxc4 23. Nxc4 Rd3 24. Nfd2 Kg7 25. Nb3 Kh7 26. f3 R8d7 27. Kf2 Kg7 28. Be3
Nh5 29. g4 Nf6 30. Ke2 Rd8 31. Bd4 exd4 32. Kxd3 dxc3+ 33. Ke2 cxb2 34. Nxb2 Bd6
35. Nc4 Bf4 36. Red1 Re8 37. Kf2 h5 38. Nd4 Nb4 39. Ne2 Bg5 40. gxh5 Nxh5 41.
Rd7 Na6 42. e5 Nf4 43. Nxf4 Bxf4 44. Kg2 Re6 45. Re1 g5 46. Rd4 Rg6 47. Nb2 Nc5
48. Nd3 Bd2 49. Rd1 Bc3 50. Rc4 0-1

[Event "UT Dallas Fall Open 2017"]
[Site "Dallas USA"]
[Date "2017.11.19"]
[Round "4.14"]
[White "Stremavicius, Titas"]
[Black "Vazquez, Guillermo"]
[Result "1/2-1/2"]
[WhiteTitle "IM"]
[BlackTitle "IM"]
[WhiteElo "2422"]
[BlackElo "2427"]
[WhiteFideId "12804444"]
[BlackFideId "3702308"]
[EventDate "2017.11.17"]

1. d4 Nf6 2. c4 e6 3. Nf3 d5 4. Nc3 dxc4 5. e4 Bb4 6. Bg5 c5 7. e5 cxd4 8. Nxd4
Bxc3+ 9. bxc3 Qa5 10. exf6 Qxg5 11. fxg7 Qxg7 12. Qd2 O-O 13. Bxc4 Rd8 14. Qe3
Bd7 15. O-O Nc6 16. Nf3 Ne7 17. Ne5 Ng6 18. f4 Rac8 19. Be2 Bc6 20. g3 Rd5 21.
Nxc6 Rxc6 22. c4 Ra5 23. Qd2 b6 24. Rad1 Rcc5 25. Rf3 Qf6 26. a3 Kg7 27. Kg2 Ra4
28. h4 Raa5 29. Qb4 Rc8 30. Rfd3 Rg8 31. h5 Ne7 32. Rd8 Nf5 33. Rxg8+ Kxg8 34.
Rd3 e5 35. Qc3 Kg7 36. fxe5 Qxe5 37. Qd2 h6 38. Bg4 Rc5 39. Bxf5 Qxf5 40. Rd4
Qxh5 41. Rh4 Qg6 42. Qd4+ Kh7 43. Rf4 Rf5 44. Rxf5 Qxf5 45. Kh2 Qc2+ 46. Kh3 Qe2
47. Qf4 Kg6 48. Qc7 Qe6+ 49. Kh2 a5 50. Qd8 f5 51. Qd4 h5 52. c5 bxc5 53. Qxc5
a4 54. Qf8 h4 55. gxh4 Qe2+ 56. Kg1 Qg4+ 57. Kf1 Qxh4 58. Qe8+ Kg5 59. Qd8+ Kg4
60. Qd1+ Kg5 1/2-1/2

[Event "UT Dallas Fall Open 2017"]
[Site "Dallas USA"]
[Date "2017.11.19"]
[Round "4.15"]
[White "Daggupati, Balaji"]
[Black "Kaliksteyn, Alexander"]
[Result "0-1"]
[WhiteTitle "FM"]
[BlackTitle "FM"]
[WhiteElo "2358"]
[BlackElo "2425"]
[WhiteFideId "2090759"]
[BlackFideId "2007630"]
[EventDate "2017.11.17"]

1. e4 c6 2. d4 d5 3. Nc3 dxe4 4. Nxe4 Bf5 5. Ng3 Bg6 6. h4 h6 7. Nf3 Nd7 8. h5
Bh7 9. Bd3 Bxd3 10. Qxd3 e6 11. Bf4 Qa5+ 12. Bd2 Bb4 13. c3 Be7 14. c4 Bb4 15.
Ne4 Ngf6 16. Nd6+ Ke7 17. c5 b6 18. Nc4 Bxd2+ 19. Nfxd2 Qa6 20. Qg3 Rhd8 21. O-O
bxc5 22. Qd6+ Ke8 23. dxc5 Qb5 24. Qf4 Nxc5 25. a4 Qb8 26. Qf3 Rd5 27. Rfc1 Kf8
28. g3 Qb4 29. Qe3 Rad8 30. Ra3 Rd3 31. Rxd3 Nxd3 32. Rf1 Nxb2 33. Nxb2 Qxb2 34.
Nc4 Qd4 35. Qa3+ Kg8 36. Na5 Qd5 37. Nb7 Rb8 38. Nc5 Qxh5 0-1

[Event "UT Dallas Fall Open 2017"]
[Site "Dallas USA"]
[Date "2017.11.19"]
[Round "4.16"]
[White "Kambrath, Yannick"]
[Black "Ynojosa Aponte, Felix Jose"]
[Result "1/2-1/2"]
[WhiteTitle "FM"]
[BlackTitle "IM"]
[WhiteElo "2332"]
[BlackElo "2423"]
[WhiteFideId "20632525"]
[BlackFideId "3900258"]
[EventDate "2017.11.17"]

1. d4 Nf6 2. c4 e6 3. Nc3 Bb4 4. e3 O-O 5. Bd3 c5 6. Ne2 d5 7. cxd5 cxd4 8. exd4
Nxd5 9. O-O Nc6 10. Nxd5 exd5 11. Nf4 Bd6 12. Be3 Bxf4 13. Bxf4 Qf6 14. Be3 Bf5
15. Be2 Rfe8 16. Qd2 Qg6 17. Rfe1 Be4 18. f3 Bf5 19. Bf1 h5 20. Bf2 a6 21. Rac1
Rxe1 22. Bxe1 Qd6 23. Rc5 Bg6 24. Bf2 Rd8 25. a3 Rd7 26. b4 Nd8 27. Rc8 Kh7 28.
Qc3 Ne6 29. Qb3 Rd8 30. Rc3 Qf4 31. Qd1 Re8 32. a4 Qd6 33. b5 Qb4 34. Qb3 Qxb3
35. Rxb3 Bc2 36. Rb2 Bxa4 37. bxa6 bxa6 38. Bxa6 Ra8 39. Bd3+ g6 40. Be3 Bc6 41.
Kf2 Ra3 42. Be2 Ba4 43. h4 Rb3 44. Ra2 Bb5 45. Ra5 Bc6 46. Ra6 Bb5 47. Ra5 Bc6
48. g4 Rb2 49. gxh5 gxh5 50. Ke1 Kg7 51. f4 Rb1+ 52. Kf2 Rb2 53. f5 Nc7 54. Ke1
Rb1+ 55. Kf2 Rb2 56. Ke1 Rb1+ 57. Kd2 Rb2+ 58. Kd1 Bb5 59. Bxh5 Rb1+ 60. Kd2 Ne8
61. Bf4 Bc6 62. Ra6 Bb7 63. Ra7 Kg8 64. Be5 Ng7 65. Bg4 Rb6 66. Kc3 Rc6+ 67. Kb4
Rc4+ 68. Kb5 Bc8 69. Ra8 Kh7 70. Bxg7 Kxg7 71. Rxc8 Rxd4 72. Be2 Kf6 73. h5 Kxf5
74. Rf8 Kf6 75. Rg8 Rh4 76. Rg2 d4 77. Kc4 Ke5 78. Rg7 Kf6 79. Rg3 Ke5 80. Kd3
Rh2 81. Rg7 Rh3+ 82. Kd2 f5 83. Rg6 d3 84. Bd1 Kd4 85. Rd6+ Ke4 86. Kc3 Ke5 87.
Rg6 Ke4 88. Re6+ Kf4 89. Kd2 Kg5 90. Rg6+ Kf4 91. Re6 Kg5 92. Rg6+ Kf4 93. h6
Ke4 94. Ba4 Rh2+ 95. Kc3 d2 96. Kc2 Ke3 97. Bb5 Rh1 98. Re6+ Kf4 99. Kxd2 Kg5
100. Bd3 Rxh6 101. Re8 Kf4 102. Rf8 Rh2+ 103. Be2 Ke4 104. Ra8 f4 105. Ra4+ Ke5
106. Ke1 Kf5 107. Bf3 Ke5 108. Kf1 Rb2 109. Be2 Kf5 110. Kf2 Ke5 111. Ra5+ Ke4
112. Ra8 Rc2 113. Re8+ Kf5 114. Ke1 Rb2 115. Kd1 Ra2 116. Rf8+ Ke4 117. Re8+ Kf5
118. Ke1 Rb2 119. Ra8 Ke4 120. Ra4+ Kf5 121. Bf3 Ke5 122. Be4 Kf6 123. Ra5 Ke6
124. Bf5+ Kd6 125. Bg4 Rg2 126. Bf3 Rb2 127. Rf5 Rb4 128. Kf2 Ke6 129. Bg4 Kd6
130. Kf3 Ra4 131. Rb5 Kc6 132. Rh5 Kd6 133. Bf5 Ra1 134. Kxf4 Rf1+ 135. Kg5 Ke5
136. Bg4 Rg1 137. Rh8 Rf1 138. Re8+ Kd4 139. Bf5 Ra1 140. Re4+ Kd5 141. Re3 Kd4
142. Re2 Rg1+ 143. Kf6 Ra1 144. Rd2+ Ke3 145. Rd3+ Kf4 146. Rd4+ Ke3 147. Rb4
Ra6+ 148. Kg5 Ra1 149. Bh7 Ra7 150. Bg6 Ra6 151. Re4+ Kf3 152. Rd4 Ra3 153. Bf5
Ra5 154. Rd3+ Ke2 155. Rb3 Ra4 156. Kf6 Ra6+ 157. Ke5 Ra8 158. Bd3+ Kd2 159. Be4
Re8+ 160. Kd4 Rd8+ 161. Bd5 Rd7 162. Rb2+ Kd1 163. Rh2 Rd8 164. Ra2 Rd7 165. Ke4
Rd8 166. Bb3+ Ke1 167. Ba4 Rd2 168. Ra1+ Kf2 169. Bb5 Rb2 170. Rf1+ Kg3 171. Bd3
Rf2 172. Rg1+ Rg2 173. Re1 Kg4 174. Ra1 Kg5 175. Ra6 Rg4+ 176. Ke5 Kh4 177. Bf5
Rg5 178. Ra3 Rg3 179. Ra4+ Kg5 180. Ra8 Kh4 181. Kf6 Rg2 182. Ra3 Rh2 183. Re3
Rh1 184. Ke5 Rh2 185. Rf3 Rh1 1/2-1/2

[Event "UT Dallas Fall Open 2017"]
[Site "Dallas USA"]
[Date "2017.11.19"]
[Round "4.17"]
[White "Ghatti, Sanjay"]
[Black "Kavutskiy, Konstantin"]
[Result "1-0"]
[WhiteTitle "FM"]
[BlackTitle "IM"]
[WhiteElo "2178"]
[BlackElo "2396"]
[WhiteFideId "2076438"]
[BlackFideId "2026384"]
[EventDate "2017.11.17"]

1. e4 c5 2. Nf3 e6 3. d4 cxd4 4. Nxd4 Nc6 5. Nc3 Qc7 6. Qd3 a6 7. Nxc6 Qxc6 8.
Qg3 b5 9. Bd3 Ne7 10. Bg5 f6 11. Be3 Bb7 12. a4 b4 13. Ne2 e5 14. f4 d6 15. c3
f5 16. fxe5 fxe4 17. Nd4 Qd5 18. exd6 Ng6 19. d7+ Qxd7 20. Bc4 Bd6 21. Qg5 bxc3
22. bxc3 Qc7 23. Nf5 Bf8 24. Rb1 Ne5 25. Bf4 h6 26. Bxe5 Qxc4 27. Qg6+ Qf7 28.
Qxf7+ Kxf7 29. Rxb7+ Ke6 30. Bxg7 Rh7 31. Rb6+ Kxf5 32. Rf1+ 1-0

[Event "UT Dallas Fall Open 2017"]
[Site "Dallas USA"]
[Date "2017.11.19"]
[Round "4.18"]
[White "Wheeler, Cameron"]
[Black "Richard, Emma"]
[Result "1-0"]
[WhiteTitle "IM"]
[BlackTitle "WFM"]
[WhiteElo "2391"]
[BlackElo "2080"]
[WhiteFideId "2060531"]
[BlackFideId "657590"]
[EventDate "2017.11.17"]

1. Nf3 Nf6 2. c4 Nc6 3. d4 e6 4. a3 d6 5. b4 Be7 6. Bb2 a6 7. g3 O-O 8. Bg2 Ne4
9. Nfd2 Nf6 10. O-O Nd7 11. f4 f5 12. e3 Nf6 13. Nc3 d5 14. Qb3 Kh8 15. Rac1 Ng4
16. Rfe1 Bf6 17. h3 Nxe3 18. Rxe3 Bxd4 19. Ne2 Bxe3+ 20. Qxe3 Re8 21. Nd4 Re7
22. cxd5 exd5 23. Nxc6 bxc6 24. Qd4 Bd7 25. Nf3 a5 26. Ne5 axb4 27. axb4 Ra6 28.
Rc5 Qe8 29. Rc3 Ra4 30. Re3 Qf8 31. Qc5 Kg8 32. Nxd7 Rxd7 33. Qxc6 1-0

[Event "UT Dallas Fall Open 2017"]
[Site "Dallas USA"]
[Date "2017.11.19"]
[Round "4.19"]
[White "Thavandiran, Shiyam"]
[Black "Premkumar, Hiren"]
[Result "0-1"]
[WhiteTitle "FM"]
[WhiteElo "2389"]
[BlackElo "2048"]
[WhiteFideId "2605058"]
[BlackFideId "2065584"]
[EventDate "2017.11.17"]

1. e4 e6 2. d4 d5 3. exd5 exd5 4. Nf3 Bd6 5. Bd3 Nc6 6. c3 Bg4 7. O-O Nge7 8.
Re1 Qd7 9. Nbd2 f6 10. Nf1 O-O-O 11. b4 Rde8 12. a4 Kb8 13. Ne3 Bh5 14. a5 g5
15. a6 b6 16. b5 Nd8 17. Ne5 fxe5 18. Qxh5 e4 19. Be2 Reg8 20. c4 Bb4 21. Rd1
Ne6 22. Bg4 Qd6 23. c5 bxc5 24. dxc5 Bxc5 25. Nc4 Bxf2+ 26. Kxf2 Qc5+ 27. Be3 d4
28. Bxe6 dxe3+ 29. Ke2 Rf8 30. Rf1 Nd5 31. g3 Nc3+ 32. Ke1 Rxf1+ 33. Kxf1 e2+
34. Kg2 Rf8 35. Nd2 Qf2+ 36. Kh3 e1=Q 37. Rxe1 Qxe1 38. Qh6 Rd8 39. Nc4 Qf1+ 40.
Kg4 Qf3+ 41. Kxg5 e3 42. Ne5 Qd1 43. Nc6+ Ka8 44. Qf6 Ne4+ 0-1

[Event "UT Dallas Fall Open 2017"]
[Site "Dallas USA"]
[Date "2017.11.19"]
[Round "4.20"]
[White "Rahul, Srivatshav P"]
[Black "Danelia, Mariam"]
[Result "1/2-1/2"]
[BlackTitle "WIM"]
[WhiteElo "2375"]
[BlackElo "2153"]
[WhiteFideId "25059653"]
[BlackFideId "13603671"]
[EventDate "2017.11.17"]

1. Nf3 Nf6 2. g3 g6 3. Bg2 Bg7 4. O-O O-O 5. d3 d5 6. Nbd2 c5 7. e4 Nc6 8. Re1
dxe4 9. dxe4 Ng4 10. h3 Nge5 11. Nxe5 Bxe5 12. f4 Bg7 13. e5 Qc7 14. c3 b6 15.
Qe2 Bb7 16. Ne4 Rad8 17. Be3 Qc8 18. a3 Qa8 19. Bf2 h6 20. h4 Na5 21. b4 Nb3 22.
Rad1 a5 23. h5 gxh5 24. Qc2 a4 25. Be3 Rxd1 26. Rxd1 cxb4 27. Rd7 Bxe4 28. Bxe4
Qc8 29. Ra7 Qxc3 30. Qxc3 bxc3 31. Rc7 b5 32. Rxc3 f6 33. exf6 Bxf6 34. Rc7 Rb8
35. Kg2 b4 36. Ra7 bxa3 37. Rxa4 Bb2 38. Kh3 Kg7 39. Ra7 Kf8 40. f5 Nc1 41.
Bxh6+ Kf7 42. Bg5 a2 43. Bd5+ Kg7 44. Bxa2 Nxa2 45. Bxe7 Rb5 46. Rxa2 Bf6 47.
Bxf6+ Kxf6 48. Ra6+ Kxf5 49. Kh4 Ke4 50. Rf6 Ra5 51. Re6+ Kf3 52. Kh3 Rb5 53.
Rf6+ Ke3 54. Rf4 Ra5 55. Kg2 Ra2+ 56. Kh3 Ra5 57. Rf6 Rb5 58. g4 Ke4 1/2-1/2

[Event "UT Dallas Fall Open 2017"]
[Site "Dallas USA"]
[Date "2017.11.19"]
[Round "4.21"]
[White "Tsay, Vincent"]
[Black "Yim, Sung Ho"]
[Result "1/2-1/2"]
[WhiteTitle "FM"]
[WhiteElo "2221"]
[BlackElo "2275"]
[WhiteFideId "30931835"]
[BlackFideId "2062020"]
[EventDate "2017.11.17"]

1. d4 g6 2. c4 Bg7 3. Nc3 c5 4. Nf3 cxd4 5. Nxd4 Nc6 6. e3 Nf6 7. Be2 O-O 8. O-O
Nxd4 9. exd4 d5 10. Bg5 dxc4 11. Bxc4 Bg4 12. Qd2 Rc8 13. Bb3 Qd6 14. Rfe1 Rfd8
15. h3 Bd7 16. Qe3 Re8 17. Rad1 a5 18. Qf3 b6 19. Ne4 Qc6 20. Rc1 Qa8 21. Rxc8
Qxc8 22. Bxf6 Bxf6 23. Nxf6+ exf6 24. Rxe8+ Bxe8 25. Qxf6 a4 26. Bd5 Qc1+ 27.
Kh2 Qxb2 28. Qe7 Qb5 29. Bc4 Qxc4 30. Qxe8+ Kg7 31. Qe5+ f6 32. Qe7+ Qf7 33. Qe2
Qd5 34. Qe7+ Qf7 35. Qe4 Qxa2 36. d5 Qxf2 37. d6 Qd2 1/2-1/2

[Event "UT Dallas Fall Open 2017"]
[Site "Dallas USA"]
[Date "2017.11.19"]
[Round "4.22"]
[White "Sanchez, Robert"]
[Black "Guo, Arthur"]
[Result "0-1"]
[BlackTitle "FM"]
[WhiteElo "1875"]
[BlackElo "2219"]
[WhiteFideId "2034360"]
[BlackFideId "30903114"]
[EventDate "2017.11.17"]

1. e4 c5 2. Nf3 d6 3. d4 Nf6 4. Nc3 cxd4 5. Nxd4 a6 6. Be3 e5 7. Nb3 Be6 8. f3
Nbd7 9. Qd2 Rc8 10. O-O-O b5 11. Nd5 Bxd5 12. exd5 Qc7 13. Kb1 Be7 14. g4 O-O
15. g5 Nh5 16. Bh3 f5 17. gxf6 Bxf6 18. Rhg1 Nf4 19. Bxf4 exf4 20. Nd4 Qb7 21.
Ne6 Ne5 22. Nxf8 Rxf8 23. Qxf4 Nc4 24. c3 Nxb2 25. Rd2 Na4 26. Rd3 Qc7 27. Rc1
Qc5 28. Qe3 Qa3 29. Qd2 Rb8 30. Be6+ Kh8 31. Qc2 Nc5 32. Rd2 b4 33. Qb2 Qa5 34.
Rd4 Bxd4 35. cxd4 Nd3 0-1

[Event "UT Dallas Fall Open 2017"]
[Site "Dallas USA"]
[Date "2017.11.19"]
[Round "4.23"]
[White "Capocyan, Sam"]
[Black "Kung, Thomas"]
[Result "1-0"]
[WhiteElo "2150"]
[BlackElo "2150"]
[WhiteFideId "2067480"]
[BlackFideId "30914272"]
[EventDate "2017.11.17"]

1. d4 Nf6 2. Nc3 d5 3. Bf4 e6 4. Nb5 Na6 5. e3 Be7 6. a3 O-O 7. Nf3 c6 8. Nc3 c5
9. Ne5 Nd7 10. Bxa6 bxa6 11. Nc6 Qe8 12. O-O Nb6 13. Na5 Bd7 14. dxc5 Bxc5 15.
e4 e5 16. Nb7 Bd4 17. Be3 Bc6 18. Na5 dxe4 19. Bxd4 Rd8 20. Nxc6 Qxc6 21. Qe2
exd4 22. Qxe4 Qc4 23. Na2 Rfe8 24. Qb7 Rd7 25. Rfe1 Rf8 26. Qe4 g6 27. Nb4 Rc8
28. Re2 a5 29. Nd3 Qb5 30. Rae1 Na4 31. Ne5 Re7 32. Qxd4 Nxb2 33. c4 Nxc4 34.
Ng4 Rxe2 35. Nh6+ Kf8 36. Qh8+ Ke7 37. Rxe2+ Kd7 38. Qd4+ Nd6 39. Re1 Qc5 40.
Qa4+ Qb5 41. Qg4+ f5 42. Qd4 Rc4 43. Qxa7+ Kc6 44. Nf7 Nxf7 45. Qxf7 Qd5 46.
Qxh7 Kb5 47. Qxg6 Ka4 48. Qb6 Qc5 49. Qf6 Rc2 50. Qh4+ Kxa3 51. Qg3+ Rc3 52. Qf4
a4 53. h4 Rc4 54. Qf3+ Kb2 55. h5 a3 56. h6 Rc1 57. Qb7+ Ka2 58. Qf7+ Kb2 59.
Qg7+ Kb3 60. Rxc1 Qxc1+ 61. Kh2 a2 62. Qg3+ Kc2 63. Qc7+ Kd1 64. Qd7+ Qd2 65.
Qa4+ Ke2 66. h7 Qh6+ 67. Kg3 Qg6+ 68. Kh2 Qh6+ 69. Kg1 Qc1+ 70. Kh2 a1=Q 71.
Qe8+ Kxf2 1-0

[Event "UT Dallas Fall Open 2017"]
[Site "Dallas USA"]
[Date "2017.11.19"]
[Round "4.24"]
[White "Polavaram, Rithik"]
[Black "Williams, Quaitemes"]
[Result "1-0"]
[WhiteElo "1957"]
[BlackElo "2033"]
[WhiteFideId "2081997"]
[BlackFideId "2007398"]
[EventDate "2017.11.17"]

1. d4 f5 2. Nc3 Nf6 3. Bg5 d5 4. Bxf6 exf6 5. e3 Be6 6. Bd3 Nc6 7. a3 a6 8. Qf3
Qd7 9. Nge2 Bd6 10. Nf4 Ne7 11. Nxe6 Qxe6 12. h3 O-O-O 13. O-O-O g6 14. Kb1 b5
15. Qe2 c6 16. f3 Rhe8 17. Qf2 Kb7 18. Rhe1 b4 19. axb4 Bxb4 20. Na4 Ka7 21. c3
Bd6 22. e4 f4 23. e5 Bc7 24. Nc5 Qf7 25. e6 Qg7 26. Nxa6 Bb6 27. Qc2 Ra8 28. Qb3
Nf5 29. Bxf5 Kxa6 30. Bd3+ Kb7 31. c4 dxc4 32. Bxc4 Ra5 33. d5 cxd5 34. Bxd5+
Ka7 35. Bc6 Re7 36. Rd7+ Rxd7 37. exd7 Re5 38. Rxe5 fxe5 39. Qa4+ 1-0

[Event "UT Dallas Fall Open 2017"]
[Site "Dallas USA"]
[Date "2017.11.19"]
[Round "5.1"]
[White "Macieja, Bartlomiej"]
[Black "Li, Ruifeng"]
[Result "1/2-1/2"]
[WhiteTitle "GM"]
[BlackTitle "GM"]
[WhiteElo "2533"]
[BlackElo "2570"]
[WhiteFideId "1104306"]
[BlackFideId "2061074"]
[EventDate "2017.11.17"]

1. e4 c5 2. Nf3 d6 3. Bb5+ Nd7 4. O-O a6 5. Bd3 Ngf6 6. c3 b5 7. Bc2 Bb7 8. Re1
Qc7 9. d4 cxd4 10. Nxd4 g6 11. a4 bxa4 12. Bg5 Bg7 13. Nd2 O-O 14. Rxa4 Nc5 15.
Ra3 a5 16. N4b3 Ne6 17. Bxf6 Bxf6 18. Qa1 Nd4 19. Bd3 Nxb3 20. Nxb3 a4 21. Rxa4
Rxa4 22. Qxa4 Qb6 23. Qb5 Qxb5 24. Bxb5 Rb8 25. Bc4 Bc6 26. Re2 Ba4 27. Nc1 Bd1
28. Rd2 Ba4 29. Na2 Bg5 30. Re2 e6 31. g3 Kf8 32. Kf1 Bd1 33. Re1 Bf3 34. Nb4
Bd2 35. Ra1 Bxe4 36. Rd1 d5 37. Rxd2 dxc4 38. f4 Rb5 39. Rd7 Ra5 40. Ke2 Ra1 41.
Rd4 Bf5 42. Rxc4 Rb1 43. Rc8+ Kg7 44. Nd3 Bxd3+ 45. Kxd3 Rxb2 46. c4 Rxh2 47. c5
Rg2 48. c6 Rxg3+ 49. Kd2 Rg2+ 50. Kd3 Rg1 51. Kd2 Rg2+ 52. Kd3 Rg1 53. Ke4 1/2-1/2

[Event "UT Dallas Fall Open 2017"]
[Site "Dallas USA"]
[Date "2017.11.19"]
[Round "5.2"]
[White "Sheng, Joshua"]
[Black "Chandra, Akshat"]
[Result "1/2-1/2"]
[WhiteTitle "IM"]
[BlackTitle "GM"]
[WhiteElo "2373"]
[BlackElo "2483"]
[WhiteFideId "2057360"]
[BlackFideId "25006711"]
[EventDate "2017.11.17"]

1. e4 e5 2. Nf3 Nc6 3. Bc4 Bc5 4. O-O Nf6 5. d3 d6 6. c3 h6 7. a4 a5 8. Be3 Ba7
9. Nbd2 O-O 10. Re1 Bxe3 11. fxe3 Ne7 12. b4 Ng6 13. bxa5 Rxa5 14. Bb3 b6 15.
Qb1 Bd7 16. Bc2 Qe7 17. Qb4 Rfa8 18. Nc4 R5a6 19. Ra3 Qe8 20. Rea1 d5 21. exd5
Nxd5 22. Qb3 Be6 23. Qb1 Bd7 24. e4 Ndf4 25. Qf1 b5 26. axb5 Bxb5 27. Rxa6 Rxa6
28. Rxa6 Bxa6 29. g3 Bxc4 30. gxf4 Bb5 31. fxe5 Nxe5 32. Nxe5 Qxe5 33. Qf5 1/2-1/2

[Event "UT Dallas Fall Open 2017"]
[Site "Dallas USA"]
[Date "2017.11.19"]
[Round "5.3"]
[White "Popilski, Gil"]
[Black "Reshef, Omer"]
[Result "1/2-1/2"]
[WhiteTitle "GM"]
[BlackTitle "IM"]
[WhiteElo "2502"]
[BlackElo "2453"]
[WhiteFideId "2809060"]
[BlackFideId "2804336"]
[EventDate "2017.11.17"]

1. Nf3 d5 2. c4 c6 3. e3 Nf6 4. Nc3 e6 5. d4 Nbd7 6. Qc2 Bd6 7. Bd3 dxc4 8. Bxc4
O-O 9. O-O b5 10. Be2 Bb7 11. Rd1 Qc7 12. b3 a6 13. Ne4 Nxe4 14. Qxe4 e5 15. Qh4
Rae8 16. dxe5 Nxe5 17. Bb2 c5 18. Nxe5 1/2-1/2

[Event "UT Dallas Fall Open 2017"]
[Site "Dallas USA"]
[Date "2017.11.19"]
[Round "5.4"]
[White "Prasanna, Raghuram Rao"]
[Black "Nakar, Eylon"]
[Result "0-1"]
[WhiteTitle "IM"]
[BlackTitle "IM"]
[WhiteElo "2459"]
[BlackElo "2451"]
[WhiteFideId "5022401"]
[BlackFideId "2811111"]
[EventDate "2017.11.17"]

1. d4 Nf6 2. Nf3 d5 3. c4 e6 4. Nc3 Be7 5. Bf4 O-O 6. e3 c5 7. cxd5 Nxd5 8. Nxd5
exd5 9. Be2 cxd4 10. Nxd4 Qa5+ 11. Kf1 Nc6 12. Nxc6 bxc6 13. Qc2 c5 14. Kg1 Rd8
15. h3 Bf6 16. Kh2 c4 17. Rhd1 Be6 18. a3 Bd7 19. Qc1 Ba4 20. Rf1 Rac8 21. Bd1
Bb3 22. Rb1 Qb5 23. Bg4 Rc5 24. Qd2 d4 25. Be2 d3 26. Bd1 c3 27. bxc3 Bxc3 28.
Rxb3 Bxd2 29. Rxb5 Rxb5 30. Bf3 g5 31. Bg3 Ba5 32. Rd1 d2 0-1

[Event "UT Dallas Fall Open 2017"]
[Site "Dallas USA"]
[Date "2017.11.19"]
[Round "5.6"]
[White "Xiong, Jeffery"]
[Black "Arribas Lopez, Angel"]
[Result "1/2-1/2"]
[WhiteTitle "GM"]
[BlackTitle "GM"]
[WhiteElo "2629"]
[BlackElo "2471"]
[WhiteFideId "2047640"]
[BlackFideId "2283352"]
[EventDate "2017.11.17"]

1. e4 e6 2. d4 d5 3. Nd2 Ne7 4. Bd3 g6 5. Ngf3 Bg7 6. h4 h6 7. c3 Nd7 8. e5 c5
9. Nf1 a5 10. a4 b6 11. Ng3 h5 12. Bg5 Ba6 13. Bxa6 Rxa6 14. c4 Qa8 15. Qe2 dxc4
16. Qxc4 Nd5 17. Ne4 O-O 18. O-O Ra7 19. Rac1 Rc7 20. Qb5 Qc6 21. Qb3 Qa8 22.
Qb5 Qc6 23. Qb3 Qa8 24. Qb5 1/2-1/2